Euro business : Jazykový prúvodce česko-francouzský /

Salvato in:
Dettagli Bibliografici
Autori principali: Neuhaus, Karsta (Autore), Haltern, Margret (Autore)
Natura: Libro
Lingua:multilingua
Pubblicazione: Brno : ALBION, 1993
Tags: Aggiungi Tag
Nessun Tag, puoi essere il primo ad aggiungerne!!

MARC

LEADER 00000nam a22000003a 4500
001 stu27142
005 20150617225740.1
008 931117s1993----cs------------------mul-d
020 |a 80-85318-04-0 
040 |a STU  |b slo 
041 0 |a mul 
044 |a cs 
080 |a 651.74=850=40 
080 |a 658.8 
100 1 |a Neuhaus, Karsta  |4 aut 
245 1 |a Euro business :  |b Jazykový prúvodce česko-francouzský /  |c [aut]Neuhaus,Karsta;Haltern,Marget 
260 |a Brno :  |b ALBION,  |c 1993 
300 |a 317 s 
700 1 |a Haltern, Margret  |4 aut 
996 |b 284V001434  |c V*41642/O-17691a  |l VVS  |s A  |a 24  |w stu27142_0002